000 00540nam a2200169 i 4500
001 101297
003 ES-MaACL
005 20230906182852.0
007 t|
008 051017s1935 fr ||||1| fre d
100 1 _aVerlaine, Mathilde (
_d1853-1922)
_9154788
245 1 0 _aMémoires de ma vie
_b: précédés d'une introduction de M. François Porché /
_cMathilde Mauté Fleurville.
260 _aParis :
_bAndré Brulliard,
_c1935.
300 _a280 p. ;
_c19 cm.
700 1 _aPorché, François.
_993120
852 _aES-MaACL
_jA-3730
999 _c101297
_d101297